00908nam a2200229 i 450000100060000000300090000600500170001500700030003200800410003510000410007624501790011726000420029630000220033870000250036070000260038570000440041170000440045585200320049994200080053199900170053995201220055659290ES-MaACL20251209063022.0t|031028s1967 sp ||||1| spa d1 aEinstein, Albert, d1879-195594683810aEscritos sobre la paz / cAlbert Einstein ; edición original preparada por Otto Nathar y Heinz Norden ; prólogo de Bertrand Russell ; [traducción de Jordi Solé Tura]. a[Barcelona] : bPenínsula, c[1967] a494 p. ; c20 cm.1 aNathar, Otto.9849961 aNorden, Heinz.9859631 aRussell, Bertrand,d1872-1970 91010331 aSolé Tura, Jordi, d1930-20099107136 aES-MaACLjC-33529 bR.64322 2udc c59290d59290 00104070aATENEOMbATENEOMcDEPO2d2008-01-17eSCl0oC-33529p1062192r2023-02-23 00:00:00w2023-02-23yMONOGRAFIA